[Event "40.C.to Italiano di Cat.Mag. Semif."]
[Site "Napoli ITA"]
[Date "1981.12.05"]
[Round "1.5"]
[White "Vallifuoco, Giovanni"]
[Black "Palmiotto, Fiorentino"]
[Result "0-1"]
[WhiteElo "2106"]
[BlackElo "2179"]
[Annotator "Gabriele Ballarin"]
[PlyCount "82"]
[EventDate "1981.12.05"]
[EventType "swiss"]
[EventRounds "2"]
[EventCountry "ITA"]

1. d4 d5 2. c4 e6 3. Nc3 Nf6 4. Nf3 Be7 5. Bg5 Nbd7 6. e3 c6 7. Rc1 O-O 8. Bd3 dxc4 9. Bxc4 b5 10. Bd3 Bb7 11. O-O a6 12. e4 c5 13. e5 Nd5 14. Bxe7 Qxe7 15. Ne4 cxd4 16. Bb1 f5 17. exf6 gxf6 18. Nxd4 f5 19. Ng3 Nf4 20. f3 Nb6 21. Qe1 Qd6 22. Qf2 Rf6 23. Rfd1 Nbd5 24. Nde2 Rg6 25. Nxf4 Qxf4 26. Qd4 Qg5 27. Qe5 h5 28. f4 Qxf4 29. Qe2 h4 30. Nf1 Qg5 31. Qd2 Nf4 32. Ne3 Nxg2 33. Nxg2 Qxg2+ 34. Qxg2 Rxg2+ 35. Kf1 Rxh2 36. Kg1 Rg2+ 37. Kf1 Rg7 38. Kf2 h3 39. Bc2 h2 40. Bb3 Re8 41. Ke3 h1=Q 0-1

[Event "40.C.to Italiano di Cat.Mag. Semif."]
[Site "Napoli ITA"]
[Date "1981.12.05"]
[Round "1.6"]
[White "Bruno, Fabio"]
[Black "Martorelli, Antonio"]
[Result "1-0"]
[WhiteElo "2249"]
[BlackElo "2286"]
[Annotator "Gabriele Ballarin"]
[PlyCount "83"]
[EventDate "1981.12.05"]
[EventType "swiss"]
[EventRounds "2"]
[EventCountry "ITA"]

1. c4 Nf6 2. Nf3 g6 3. g3 Bg7 4. Bg2 O-O 5. O-O d6 6. Nc3 Nc6 7. d3 Nh5 8. Bd2 f5 9. Rb1 a5 10. a3 f4 11. b4 axb4 12. axb4 Bg4 13. Nd5 fxg3 14. hxg3 Qd7 15. Kh2 Ra2 16. Bc3 Rf5 17. Ne3 Bxf3 18. Bxf3 Bxc3 19. Nxf5 Qxf5 20. Qb3 Nd4 21. Qxa2 Nxf3+ 22. exf3 Nf4 23. Kg1 Nh3+ 24. Kg2 Ng5 25. Qe2 Qh3+ 26. Kg1 Bd4 27. Rfc1 Qxg3+ 28. Kf1 Qh3+ 29. Ke1 Nxf3+ 30. Kd1 Be5 31. Qe3 Qg4 32. Qe4 Bf4 33. Kc2 e5 34. Rh1 Nd2 35. Qd5+ Kg7 36. Rbg1 Qf5 37. Rd1 c6 38. Qxd6 Nxc4 39. Qe7+ Kg8 40. Qxh7+ Kf8 41. Qh8+ Ke7 42. Rh7+ 1-0

[Event "40.C.to Italiano di Cat.Mag. Semif."]
[Site "Napoli ITA"]
[Date "1981.12.05"]
[Round "1.8"]
[White "Fumo, Guglielmo"]
[Black "Castrogiovanni, Carlo"]
[Result "1-0"]
[WhiteElo "1960"]
[BlackElo "2000"]
[Annotator "Gabriele Ballarin"]
[PlyCount "73"]
[EventDate "1981.12.05"]
[EventType "swiss"]
[EventRounds "2"]
[EventCountry "ITA"]

1. e4 c6 2. d4 d5 3. exd5 cxd5 4. Bd3 Nc6 5. c3 Nf6 6. Bf4 Bg4 7. Qb3 Qc8 8. Nd2 e6 9. Ngf3 Bh5 10. O-O Be7 11. Rfe1 Bg6 12. Bxg6 hxg6 13. Ne5 Nh5 14. Be3 Nf6 15. Ndf3 Nd7 16. Nd3 Bd6 17. Bf4 Bxf4 18. Nxf4 O-O 19. h4 Qc7 20. g3 Nf6 21. Kg2 Rfe8 22. Rad1 Na5 23. Qc2 Nc6 24. Re2 Rad8 25. Rde1 a6 26. Nd3 Ne4 27. Nfe5 Nxd4 28. cxd4 Qb6 29. Nc5 Rc8 30. Qb3 Qd6 31. Nxe4 dxe4 32. Qxb7 Qxd4 33. Qxf7+ Kh8 34. Nxg6+ Kh7 35. Nf4 Qb4 36. Nh5 Re7 37. Nf6+ 1-0

[Event "40.C.to Italiano di Cat.Mag. Semif."]
[Site "Napoli ITA"]
[Date "1981.12.05"]
[Round "1.9"]
[White "Cocozza, Mario"]
[Black "Ficco, Corrado"]
[Result "1-0"]
[WhiteElo "2201"]
[BlackElo "1919"]
[Annotator "Gabriele Ballarin"]
[PlyCount "99"]
[EventDate "1981.12.05"]
[EventType "swiss"]
[EventRounds "2"]
[EventCountry "ITA"]

1. e4 c6 2. d4 d5 3. e5 Bf5 4. Nc3 e6 5. g4 Bg6 6. Nge2 c5 7. h4 h6 8. Nf4 Bh7 9. Be3 Nc6 10. Bb5 Qb6 11. dxc5 Bxc5 12. Bxc5 Qxc5 13. Nd3 Qd4 14. Rh3 Nge7 15. Qe2 O-O-O 16. Bxc6 Nxc6 17. Nb5 Bxd3 18. Nxd4 Bxe2 19. Nxc6 bxc6 20. Kxe2 f6 21. exf6 gxf6 22. Rc3 Kc7 23. Rg1 Rb8 24. b3 Rb4 25. Rf3 Rf8 26. g5 hxg5 27. hxg5 f5 28. Rh3 Kd6 29. f3 Rf7 30. Rh8 Rg7 31. a3 Rbb7 32. f4 a5 33. Rd8+ Kc5 34. Re8 Rbe7 35. Rxe7 Rxe7 36. Kd3 Kd6 37. b4 axb4 38. axb4 c5 39. c3 cxb4 40. cxb4 e5 41. fxe5+ Rxe5 42. g6 Re8 43. g7 Rg8 44. Kd4 f4 45. Rg5 Ke6 46. b5 Kf6 47. Rg1 Ke6 48. b6 Kd7 49. Rc1 f3 50. Ke3 1-0

[Event "40.C.to Italiano di Cat.Mag. Semif."]
[Site "Napoli ITA"]
[Date "1981.12.06"]
[Round "2.1"]
[White "Favale, Paolo"]
[Black "Cocozza, Mario"]
[Result "0-1"]
[WhiteElo "1900"]
[BlackElo "2201"]
[Annotator "Gabriele Ballarin"]
[PlyCount "54"]
[EventDate "1981.12.05"]
[EventType "swiss"]
[EventRounds "2"]
[EventCountry "ITA"]

1. e4 c6 2. d4 d5 3. e5 Bf5 4. Nc3 e6 5. g4 Bg6 6. Nge2 f6 7. Nf4 fxe5 8. dxe5 Bf7 9. h4 Nd7 10. Qe2 Qc7 11. Nd3 h5 12. f4 hxg4 13. f5 O-O-O 14. fxe6 Bxe6 15. Bf4 Be7 16. h5 g5 17. Bg3 Qa5 18. O-O-O Nh6 19. Bg2 d4 20. Ne4 Qxa2 21. Nd6+ Bxd6 22. exd6 Nf5 23. Be5 Rhe8 24. Nb4 Qa1+ 25. Kd2 Qa5 26. Ra1 Qxb4+ 27. Kc1 Bc4 0-1

[Event "40.C.to Italiano di Cat.Mag. Semif."]
[Site "Napoli ITA"]
[Date "1981.12.06"]
[Round "2.2"]
[White "Falchetta, Giovanni"]
[Black "Blasco, Domenico"]
[Result "1/2-1/2"]
[WhiteElo "1995"]
[BlackElo "1939"]
[Annotator "Gabriele Ballarin"]
[PlyCount "23"]
[EventDate "1981.12.05"]
[EventType "swiss"]
[EventRounds "2"]
[EventCountry "ITA"]

1. c4 b6 2. Nc3 e6 3. d4 Bb4 4. Nf3 f5 5. g3 Nf6 6. Bg2 Bb7 7. O-O O-O 8. Bf4 Bxc3 9. bxc3 Nc6 10. Ne5 Na5 11. Bxb7 Nxb7 12. Nd3 1/2-1/2

[Event "40.C.to Italiano di Cat.Mag. Semif."]
[Site "Napoli ITA"]
[Date "1981.12.06"]
[Round "2.3"]
[White "Palmiotto, Fiorentino"]
[Black "Bruno, Fabio"]
[Result "0-1"]
[WhiteElo "2179"]
[BlackElo "2249"]
[Annotator "Gabriele Ballarin"]
[PlyCount "66"]
[EventDate "1981.12.05"]
[EventType "swiss"]
[EventRounds "2"]
[EventCountry "ITA"]

1. e4 c5 2. Nf3 e6 3. d4 cxd4 4. Nxd4 Nc6 5. c4 Nf6 6. Nc3 Bb4 7. f3 d6 8. Be3 O-O 9. Qd2 Nxd4 10. Bxd4 e5 11. Be3 Be6 12. a3 Bc5 13. Bxc5 dxc5 14. Nd5 Bxd5 15. cxd5 Ne8 16. Be2 f6 17. O-O Nd6 18. Rac1 Rc8 19. Qe3 b6 20. f4 exf4 21. Rxf4 Qe7 22. Bg4 f5 23. Bh3 Rce8 24. Rcf1 g6 25. g4 g5 26. Rxf5 Nxf5 27. gxf5 Qxe4 28. Qxg5+ Kh8 29. Bg2 Qd4+ 30. Kh1 Rg8 31. Qh5 Qxb2 32. Bf3 Qf2 33. Qh3 Re1 0-1

[Event "40.C.to Italiano di Cat.Mag. Semif."]
[Site "Napoli ITA"]
[Date "1981.12.06"]
[Round "2.4"]
[White "Iannaccone, Ernesto"]
[Black "Fumo, Guglielmo"]
[Result "1-0"]
[WhiteElo "2339"]
[BlackElo "1960"]
[Annotator "Gabriele Ballarin"]
[PlyCount "54"]
[EventDate "1981.12.05"]
[EventType "swiss"]
[EventRounds "2"]
[EventCountry "ITA"]

1. d4 Nf6 2. Nf3 e6 3. c4 c5 4. Nc3 cxd4 5. Nxd4 Nc6 6. g3 Qb6 7. Nb3 Bb4 8. Bg2 O-O 9. O-O Bxc3 10. c5 Qa6 11. bxc3 b6 12. Qc2 bxc5 13. Nxc5 Qc4 14. Nb3 d5 15. Bb2 a5 16. Rfe1 Bb7 17. Nd2 Qa6 18. Qa4 Rfd8 19. c4 d4 20. Nb3 Rac8 21. Qb5 Qa7 22. Red1 Ba6 23. Qa4 Bb7 24. Bxc6 Bxc6 25. Qxa5 Qb7 26. Rxd4 Re8 27. Qe5 Red8 1-0

[Event "40.C.to Italiano di Cat.Mag. Semif."]
[Site "Napoli ITA"]
[Date "1981.12.06"]
[Round "2.6"]
[White "Lagumina, Giulio"]
[Black "Vallifuoco, Giovanni"]
[Result "1-0"]
[WhiteElo "2138"]
[BlackElo "2106"]
[Annotator "Gabriele Ballarin"]
[PlyCount "63"]
[EventDate "1981.12.05"]
[EventType "swiss"]
[EventRounds "2"]
[EventCountry "ITA"]

1. e4 c5 2. Nf3 d6 3. d4 cxd4 4. Qxd4 Bd7 5. c4 Nc6 6. Qd2 g6 7. b3 Bg7 8. Nc3 Nf6 9. Bb2 O-O 10. Be2 Qa5 11. Rb1 a6 12. a3 b5 13. b4 Qb6 14. cxb5 axb5 15. O-O Bg4 16. Rfe1 Bxf3 17. Bxf3 Nd4 18. Bd1 e5 19. Qd3 Rfc8 20. Ne2 Ne6 21. Bb3 Nh5 22. g3 Ng5 23. Kg2 Nf6 24. Nc3 Rab8 25. Rbd1 Qb7 26. Nd5 Nh5 27. Qe3 Ne6 28. Rc1 Nd4 29. Bxd4 exd4 30. Qg5 Bf8 31. g4 Ng7 32. Nf6+ 1-0

[Event "40.C.to Italiano di Cat.Mag. Semif."]
[Site "Napoli ITA"]
[Date "1981.12.06"]
[Round "2.8"]
[White "Castrogiovanni, Carlo"]
[Black "Ficco, Corrado"]
[Result "0-1"]
[WhiteElo "2000"]
[BlackElo "1919"]
[Annotator "Gabriele Ballarin"]
[PlyCount "64"]
[EventDate "1981.12.05"]
[EventType "swiss"]
[EventRounds "2"]
[EventCountry "ITA"]

1. d4 Nf6 2. c4 e6 3. Nf3 b6 4. a3 Bb7 5. Nc3 d5 6. cxd5 exd5 7. g3 Be7 8. Bg2 O-O 9. O-O c5 10. e3 Nc6 11. dxc5 bxc5 12. Qa4 Qa5 13. Nh4 Qxa4 14. Nxa4 Rfd8 15. Nf5 Bf8 16. Rb1 g6 17. Nh4 Rab8 18. Bd2 Ne4 19. Bxe4 dxe4 20. Bc3 Ba6 21. Rfc1 Bd3 22. Ra1 Be7 23. Ng2 c4 24. Nf4 Rb5 25. Nxd3 cxd3 26. b4 a5 27. bxa5 Nxa5 28. Bb4 Bxb4 29. axb4 Nb3 30. Nc3 Re5 31. Rd1 Nxa1 32. Rxa1 Rc8 0-1

[Event "40.C.to Italiano di Cat.Mag. Semif."]
[Site "Napoli ITA"]
[Date "1981.12.06"]
[Round "2.9"]
[White "Lupo, Alfredo"]
[Black "Crispino, Giuseppe"]
[Result "1-0"]
[WhiteElo "1900"]
[BlackElo "2076"]
[Annotator "Gabriele Ballarin"]
[PlyCount "99"]
[EventDate "1981.12.05"]
[EventType "swiss"]
[EventRounds "2"]
[EventCountry "ITA"]

1. e4 e6 2. d4 d5 3. Nd2 Nf6 4. e5 Nfd7 5. Bd3 c5 6. c3 Nc6 7. Ne2 Be7 8. O-O Qb6 9. Nf3 f6 10. exf6 Nxf6 11. Re1 cxd4 12. cxd4 Bb4 13. Bd2 O-O 14. Rc1 Bxd2 15. Qxd2 e5 16. dxe5 Ng4 17. Nf4 Qxf2+ 18. Qxf2 Nxf2 19. Kxf2 Rxf4 20. e6 Rf6 21. e7 Bd7 22. Rc5 Nb4 23. Bb1 Rc6 24. Rxc6 Nxc6 25. Bf5 Be8 26. Be6+ Bf7 27. Bxf7+ Kxf7 28. Ng5+ Ke8 29. Ne6 Kd7 30. Nc7 Re8 31. Nxe8 Kxe8 32. Re3 Nxe7 33. Rb3 b6 34. Ra3 Nc6 35. Rc3 Kd7 36. Rh3 h6 37. Rg3 g5 38. Ke3 Ke6 39. Rh3 Ke5 40. Rxh6 d4+ 41. Kd2 Nb4 42. a3 Nd5 43. Rh7 a5 44. Rh5 Ke4 45. Rxg5 Ne3 46. h4 Nc4+ 47. Kc1 Ke3 48. h5 d3 49. Rd5 d2+ 50. Rxd2 1-0

[Event "40.C.to Italiano di Cat.Mag. Semif."]
[Site "Napoli ITA"]
[Date "1981.12.07"]
[Round "3.1"]
[White "Bruno, Fabio"]
[Black "Iannaccone, Ernesto"]
[Result "1/2-1/2"]
[WhiteElo "2249"]
[BlackElo "2339"]
[Annotator "Gabriele Ballarin"]
[PlyCount "78"]
[EventDate "1981.12.05"]
[EventType "swiss"]
[EventRounds "2"]
[EventCountry "ITA"]

1. d4 Nf6 2. e4 e6 3. Nf3 c5 4. Nc3 cxd4 5. Nxd4 Nc6 6. g3 Bc5 7. Nb3 Bb4 8. Bg2 d5 9. exd5 Nxd5 10. O-O Nxc3 11. bxc3 Bxc3 12. Ba3 Qxd1 13. Raxd1 a5 14. Rc1 Bb4 15. Bxb4 Nxb4 16. a3 Nd5 17. Nxa5 Bd7 18. Nxb7 Rxa3 19. Nc5 Nc3 20. Ra1 Ne2+ 21. Kh1 Rxa1 22. Rxa1 Bc8 23. Ra8 O-O 24. f4 h6 25. Bf1 Nxf4 26. gxf4 Bb7+ 27. Nxb7 Rxa8 28. Kg2 g5 29. fxg5 hxg5 30. Nc5 Kg7 31. Kg3 Ra5 32. Nd3 Kg6 33. h4 f5 34. hxg5 Kxg5 35. Kf3 Ra3 36. Ke2 Kf6 37. Bg2 e5 38. Nf2 Ra2 39. Ke3 Rxc2 1/2-1/2

[Event "40.C.to Italiano di Cat.Mag. Semif."]
[Site "Napoli ITA"]
[Date "1981.12.07"]
[Round "3.2"]
[White "Cocozza, Mario"]
[Black "Falchetta, Giovanni"]
[Result "1/2-1/2"]
[WhiteElo "2201"]
[BlackElo "1995"]
[Annotator "Gabriele Ballarin"]
[PlyCount "75"]
[EventDate "1981.12.05"]
[EventType "swiss"]
[EventRounds "2"]
[EventCountry "ITA"]

1. e4 e5 2. Nf3 Nf6 3. Nxe5 d6 4. Nf3 Nxe4 5. d4 d5 6. Bd3 Be7 7. O-O Nc6 8. Re1 Bg4 9. c4 Nf6 10. cxd5 Nxd5 11. Nc3 O-O 12. Be4 Be6 13. a3 Re8 14. Qd3 h6 15. Bd2 Qd7 16. Ne5 Nxe5 17. dxe5 Rad8 18. Qg3 Kh8 19. Bf3 Nxc3 20. Bxc3 c6 21. Be4 Bf8 22. Qe3 b6 23. Bc2 Kg8 24. Rad1 Qc8 25. Qe4 g6 26. Qh4 Rd7 27. Rxd7 Qxd7 28. Rd1 Qe7 29. Qa4 Bd5 30. Qf4 Qg5 31. Qg3 Bg7 32. f4 Qxg3 33. hxg3 h5 34. Bb4 Bf8 35. Bxf8 Kxf8 36. b4 Ke7 37. Kf2 Rd8 38. Rd2 1/2-1/2

[Event "40.C.to Italiano di Cat.Mag. Semif."]
[Site "Napoli ITA"]
[Date "1981.12.07"]
[Round "3.3"]
[White "Sibilio, Mario"]
[Black "Blasco, Domenico"]
[Result "1-0"]
[WhiteElo "2329"]
[BlackElo "1939"]
[Annotator "Gabriele Ballarin"]
[PlyCount "101"]
[EventDate "1981.12.05"]
[EventType "swiss"]
[EventRounds "2"]
[EventCountry "ITA"]

1. b3 d5 2. Bb2 Nf6 3. Nf3 c6 4. g3 Bf5 5. Bg2 e6 6. d3 Bd6 7. O-O Qc7 8. Nbd2 Nbd7 9. Qe1 e5 10. e4 Bg6 11. a3 O-O 12. Nh4 Rad8 13. Qe2 b5 14. Kh1 d4 15. Nf5 Bxf5 16. exf5 Nb6 17. Ne4 Nxe4 18. Bxe4 f6 19. g4 Nd5 20. Qf3 Be7 21. h4 Kh8 22. Rg1 a6 23. Rg3 Rd6 24. Rag1 Nc3 25. g5 Nxe4 26. dxe4 Rfd8 27. Qh5 d3 28. cxd3 Qd7 29. Bc1 Bf8 30. gxf6 Rxf6 31. Bg5 Rd6 32. Bxd8 Qxd8 33. Qg5 Qxg5 34. hxg5 Rd8 35. Rc1 c5 36. Kg2 Kg8 37. Rh1 Rd4 38. g6 h6 39. f6 gxf6 40. g7 Bxg7 41. Rxh6 c4 42. bxc4 bxc4 43. dxc4 Rxc4 44. Rxf6 a5 45. Rfg6 Rc7 46. Kf3 Kh7 47. Rxg7+ Rxg7 48. Rxg7+ Kxg7 49. Kg4 Kg6 50. a4 Kf6 51. Kh5 1-0

[Event "40.C.to Italiano di Cat.Mag. Semif."]
[Site "Napoli ITA"]
[Date "1981.12.07"]
[Round "3.4"]
[White "Palmiotto, Fiorentino"]
[Black "Lagumina, Giulio"]
[Result "1-0"]
[WhiteElo "2179"]
[BlackElo "2138"]
[Annotator "Gabriele Ballarin"]
[PlyCount "75"]
[EventDate "1981.12.05"]
[EventType "swiss"]
[EventRounds "2"]
[EventCountry "ITA"]

1. c4 g6 2. Nc3 Bg7 3. g3 Nf6 4. Bg2 O-O 5. Nf3 d6 6. d4 Nc6 7. O-O a6 8. h3 e5 9. d5 Ne7 10. e4 Ne8 11. Nh4 f5 12. Bg5 f4 13. Qd2 Bf6 14. gxf4 exf4 15. Bxf6 Nxf6 16. Nf3 Nh5 17. Rfe1 g5 18. e5 g4 19. hxg4 Bxg4 20. Nh2 Bf5 21. Qe2 f3 22. Qxf3 Bg6 23. exd6 Rxf3 24. dxe7 Qd7 25. Bxf3 Nf6 26. Re6 Kg7 27. Rae1 Bf7 28. R6e5 Re8 29. c5 Kh8 30. Kh1 Rg8 31. R1e3 b5 32. b4 Ne8 33. Bg2 Qc8 34. Bh3 Qa8 35. Rf3 a5 36. Rxf7 axb4 37. Rh5 Ng7 38. Bf5 1-0

[Event "40.C.to Italiano di Cat.Mag. Semif."]
[Site "Napoli ITA"]
[Date "1981.12.07"]
[Round "3.5"]
[White "Ficco, Corrado"]
[Black "Fumo, Guglielmo"]
[Result "1-0"]
[WhiteElo "1919"]
[BlackElo "1960"]
[Annotator "Gabriele Ballarin"]
[PlyCount "90"]
[EventDate "1981.12.05"]
[EventType "swiss"]
[EventRounds "2"]
[EventCountry "ITA"]

1. e4 e5 2. Nf3 Nc6 3. Bb5 f5 4. Nc3 fxe4 5. Nxe4 d5 6. Ng3 Bg4 7. h3 Bxf3 8. Qxf3 Nf6 9. Nh5 Qd6 10. Nxf6+ gxf6 11. Qh5+ Kd7 12. Qf5+ Qe6 13. Bxc6+ bxc6 14. Qxe6+ Kxe6 15. O-O Bc5 16. d3 Rab8 17. b3 Rhg8 18. Be3 Bb4 19. a3 Bc3 20. Rad1 d4 21. Bd2 Bxd2 22. Rxd2 a5 23. a4 h5 24. Kh2 Kd5 25. f4 Rg7 26. fxe5 fxe5 27. Rf5 Rh8 28. Re2 Re7 29. g3 Rh6 30. Re4 Kc5 31. Rexe5+ Rxe5 32. Rxe5+ Kb4 33. Kg2 Kc3 34. Rc5+ Kd2 35. Kf3 Re6 36. g4 Re3+ 37. Kf4 h4 38. g5 Rxh3 39. Kg4 Rh1 40. Rxc6 h3 41. g6 h2 42. Kg3 Ke3 43. Kg2 Rd1 44. Kxh2 Kf3 45. g7 Rd2+ 1-0

[Event "40.C.to Italiano di Cat.Mag. Semif."]
[Site "Napoli ITA"]
[Date "1981.12.07"]
[Round "3.6"]
[White "Martorelli, Antonio"]
[Black "Favale, Paolo"]
[Result "1-0"]
[WhiteElo "2286"]
[BlackElo "1900"]
[Annotator "Gabriele Ballarin"]
[PlyCount "55"]
[EventDate "1981.12.05"]
[EventType "swiss"]
[EventRounds "2"]
[EventCountry "ITA"]

1. e4 c5 2. Nf3 Nc6 3. Bb5 g6 4. c3 Bg7 5. d4 cxd4 6. cxd4 Nf6 7. Nc3 O-O 8. d5 Nb8 9. O-O d6 10. Be3 Nbd7 11. Qc2 Ng4 12. Bg5 Nde5 13. Be2 h6 14. Bd2 f5 15. Nd4 fxe4 16. Nxe4 e6 17. Nxe6 Bxe6 18. dxe6 Qh4 19. h3 d5 20. Bxg4 Nxg4 21. hxg4 dxe4 22. Qxe4 h5 23. Qxg6 Qxg4 24. Qxg4 hxg4 25. Rac1 Rae8 26. Rc4 Bxb2 27. Rxg4+ Kh7 28. Rb1 1-0

[Event "40.C.to Italiano di Cat.Mag. Semif."]
[Site "Napoli ITA"]
[Date "1981.12.07"]
[Round "3.8"]
[White "Crispino, Giuseppe"]
[Black "Castrogiovanni, Carlo"]
[Result "1/2-1/2"]
[WhiteElo "2076"]
[BlackElo "2000"]
[Annotator "Gabriele Ballarin"]
[PlyCount "80"]
[EventDate "1981.12.05"]
[EventType "swiss"]
[EventRounds "2"]
[EventCountry "ITA"]

1. d4 Nf6 2. c4 e6 3. Nc3 Bb4 4. Bg5 h6 5. Bd2 d5 6. e3 O-O 7. Nf3 Nbd7 8. cxd5 exd5 9. Bd3 c6 10. Qc2 Re8 11. O-O Bxc3 12. Bxc3 Ne4 13. Ne5 Nxe5 14. Bxe4 Ng4 15. Bh7+ Kh8 16. h3 Nf6 17. Bd3 Ne4 18. Rfe1 Qg5 19. Kh2 Qh4 20. Rf1 g6 21. Be1 Qe7 22. f3 Qd6+ 23. Kh1 Ng3+ 24. Bxg3 Qxg3 25. Rae1 Re7 26. Qf2 Qxf2 27. Rxf2 Bd7 28. e4 Rae8 29. Rfe2 dxe4 30. fxe4 f5 31. Kg1 fxe4 32. Rxe4 Rxe4 33. Rxe4 Rxe4 34. Bxe4 Kg7 35. Kf2 Kf6 36. Ke3 Be6 37. a3 Bc4 38. h4 g5 39. g3 Bd5 40. Bd3 b6 1/2-1/2

[Event "40.C.to Italiano di Cat.Mag. Semif."]
[Site "Napoli ITA"]
[Date "1981.12.08"]
[Round "4.1"]
[White "Bruno, Fabio"]
[Black "Cocozza, Mario"]
[Result "1/2-1/2"]
[WhiteElo "2249"]
[BlackElo "2201"]
[Annotator "Gabriele Ballarin"]
[PlyCount "116"]
[EventDate "1981.12.05"]
[EventType "swiss"]
[EventRounds "2"]
[EventCountry "ITA"]

1. c4 e5 2. b3 g6 3. Bb2 Bg7 4. g3 Ne7 5. Bg2 O-O 6. Nc3 c5 7. e3 Nbc6 8. Nge2 d6 9. d3 Rb8 10. O-O Be6 11. Qd2 Qd7 12. Rfe1 a6 13. Nd5 b5 14. Nxe7+ Nxe7 15. Rac1 Rfc8 16. Nc3 d5 17. cxd5 Nxd5 18. Nxd5 Bxd5 19. Bf1 Ba8 20. Red1 Qb7 21. e4 c4 22. f3 Qb6+ 23. Qf2 Qxf2+ 24. Kxf2 cxb3 25. axb3 f6 26. d4 Bh6 27. Rxc8+ Rxc8 28. Be2 exd4 29. Bxd4 Kf7 30. Be3 Bxe3+ 31. Kxe3 Ke7 32. b4 Bb7 33. h4 Rc6 34. g4 h6 35. f4 g5 36. hxg5 hxg5 37. Rh1 gxf4+ 38. Kxf4 Bc8 39. Rh7+ Kd6 40. Rh5 Rc3 41. Rd5+ Ke6 42. g5 fxg5+ 43. Kxg5 Ke7 44. Kf4 Bd7 45. Ke5 Rb3 46. Rd4 a5 47. bxa5 Ra3 48. a6 Bc6 49. Rd6 Rxa6 50. Rh6 Kd8 51. Rh7 Rb6 52. Kd4 Be8 53. e5 b4 54. Kc5 Re6 55. Kd5 Re7 56. Rh8 Rd7+ 57. Ke4 b3 58. e6 b2 1/2-1/2

[Event "40.C.to Italiano di Cat.Mag. Semif."]
[Site "Napoli ITA"]
[Date "1981.12.08"]
[Round "4.2"]
[White "Iannaccone, Ernesto"]
[Black "Sibilio, Mario"]
[Result "1-0"]
[WhiteElo "2339"]
[BlackElo "2329"]
[Annotator "Gabriele Ballarin"]
[PlyCount "161"]
[EventDate "1981.12.05"]
[EventType "swiss"]
[EventRounds "2"]
[EventCountry "ITA"]

1. d4 g6 2. e4 Bg7 3. Nf3 c6 4. Nc3 d5 5. h3 Nf6 6. Bd3 dxe4 7. Nxe4 Nxe4 8. Bxe4 Nd7 9. O-O O-O 10. Re1 c5 11. c3 cxd4 12. Nxd4 Nc5 13. Bc2 e5 14. Nf3 Qc7 15. Be3 b6 16. Bxc5 bxc5 17. Qe2 Re8 18. Bb3 Be6 19. Bxe6 Rxe6 20. Qc4 Bh6 21. Rad1 Rae8 22. Nh2 e4 23. Ng4 Bg5 24. Rd5 e3 25. Nxe3 Bxe3 26. Rxe3 Rxe3 27. fxe3 Re5 28. Qf4 f6 29. Rxe5 fxe5 30. Qf6 c4 31. Qe6+ Kg7 32. Qd5 Kf6 33. Qd2 Qb6 34. Qf2+ Ke7 35. e4 Qa5 36. Qh4+ Ke8 37. Qxh7 Qb6+ 38. Kh2 Qf6 39. Qh6 Kf7 40. Qe3 Qa6 41. a3 Qb7 42. Qe2 Qc6 43. h4 Ke8 44. g3 Qc5 45. Kg2 Qb5 46. b4 Qc6 47. h5 Kf7 48. hxg6+ Kxg6 49. a4 a6 50. Qg4+ Kh6 51. Kh3 Qd6 52. Qf5 Kg7 53. b5 axb5 54. axb5 Qh6+ 55. Kg4 Qd6 56. Kh4 Qh6+ 57. Qh5 Qd6 58. Qe8 Kh7 59. Qf7+ Kh8 60. Qh5+ Kg8 61. b6 Qxb6 62. Qxe5 Qa6 63. Kg4 Qg6+ 64. Qg5 Kh8 65. e5 Qe4+ 66. Qf4 Qg6+ 67. Kh3 Qe6+ 68. Kg2 Qd5+ 69. Kf2 Qd3 70. Qd4 Qc2+ 71. Ke3 Qc1+ 72. Qd2 Qg1+ 73. Qf2 Qd1 74. Qf8+ Kh7 75. Qf7+ Kh6 76. Qe6+ Kg7 77. Qxc4 Qc1+ 78. Kf2 Qc2+ 79. Kg1 Qd1+ 80. Kg2 Qe1 81. Qg4+ 1-0

[Event "40.C.to Italiano di Cat.Mag. Semif."]
[Site "Napoli ITA"]
[Date "1981.12.08"]
[Round "4.3"]
[White "Ficco, Corrado"]
[Black "Falchetta, Giovanni"]
[Result "0-1"]
[WhiteElo "1919"]
[BlackElo "1995"]
[Annotator "Gabriele Ballarin"]
[PlyCount "90"]
[EventDate "1981.12.05"]
[EventType "swiss"]
[EventRounds "2"]
[EventCountry "ITA"]

1. e4 e5 2. Nf3 Nf6 3. Nxe5 d6 4. Nf3 Nxe4 5. Qe2 Qe7 6. d3 Nf6 7. Bg5 Qxe2+ 8. Bxe2 Be7 9. Nc3 c6 10. O-O-O Na6 11. Ne4 Nxe4 12. dxe4 Nc5 13. Bxe7 Kxe7 14. Rhe1 Be6 15. Nd2 a5 16. Kb1 Rhd8 17. f4 f6 18. Bf3 Kd7 19. e5 fxe5 20. fxe5 d5 21. Nc4 Kc7 22. Nd6 b5 23. Rd2 Nb7 24. Rde2 Rd7 25. b3 Re7 26. Nxb7 Kxb7 27. Kb2 Kc7 28. a3 b4 29. Rd2 Kb6 30. c3 bxc3+ 31. Kxc3 Rd7 32. Rd4 c5 33. Rh4 h6 34. Bg4 Re8 35. Bxe6 Rxe6 36. b4 axb4+ 37. axb4 Rde7 38. bxc5+ Kxc5 39. Rh5 Ra7 40. g3 d4+ 41. Kd3 Kd5 42. Rb1 Ra3+ 43. Kd2 g5 44. Rf1 Ra2+ 45. Kd3 Rb6 0-1

[Event "40.C.to Italiano di Cat.Mag. Semif."]
[Site "Napoli ITA"]
[Date "1981.12.08"]
[Round "4.4"]
[White "Martorelli, Antonio"]
[Black "Palmiotto, Fiorentino"]
[Result "1-0"]
[WhiteElo "2286"]
[BlackElo "2179"]
[Annotator "Gabriele Ballarin"]
[PlyCount "71"]
[EventDate "1981.12.05"]
[EventType "swiss"]
[EventRounds "2"]
[EventCountry "ITA"]

1. e4 c5 2. Nf3 d6 3. d4 cxd4 4. Nxd4 Nf6 5. Nc3 e5 6. Bb5+ Bd7 7. Bxd7+ Qxd7 8. Nf5 Nxe4 9. Nxg7+ Bxg7 10. Nxe4 d5 11. Bh6 O-O 12. Bxg7 Kxg7 13. Nc5 Qc6 14. Nd3 d4 15. Qg4+ Kh8 16. O-O-O Nd7 17. Qf5 f6 18. Rhe1 Rac8 19. Rd2 Rfe8 20. Re4 Qe6 21. Qxe6 Rxe6 22. Rde2 f5 23. Rxd4 Re7 24. Rd5 Rce8 25. Kd2 e4 26. Nc5 Ne5 27. Ke3 Kg7 28. b3 b6 29. Na4 Re6 30. h3 Kf6 31. Red2 Rc8 32. Rd8 f4+ 33. Kxf4 Nd3+ 34. R2xd3 Rxc2 35. Rd2 Rc7 36. R8d6 1-0

[Event "40.C.to Italiano di Cat.Mag. Semif."]
[Site "Napoli ITA"]
[Date "1981.12.08"]
[Round "4.5"]
[White "Lupo, Alfredo"]
[Black "Lagumina, Giulio"]
[Result "0-1"]
[WhiteElo "1900"]
[BlackElo "2138"]
[Annotator "Gabriele Ballarin"]
[PlyCount "62"]
[EventDate "1981.12.05"]
[EventType "swiss"]
[EventRounds "2"]
[EventCountry "ITA"]

1. e4 e5 2. Nf3 Nc6 3. Bb5 a6 4. Ba4 Nf6 5. O-O Be7 6. Re1 b5 7. Bb3 O-O 8. c3 d5 9. exd5 Nxd5 10. Nxe5 Nxe5 11. Rxe5 c6 12. d4 Bd6 13. Re1 Qh4 14. g3 Qh3 15. Bxd5 cxd5 16. Qd3 Bg4 17. Be3 Rae8 18. Nd2 Re6 19. a4 bxa4 20. Rxa4 f5 21. f4 Bxf4 22. Nf1 Bb8 23. Qd2 Rfe8 24. Raa1 f4 25. gxf4 Bxf4 26. Bxf4 Re2 27. Rxe2 Rxe2 28. Qxe2 Bxe2 29. Bg3 h5 30. Re1 Bf3 31. Ne3 g5 0-1